| 000 | 00699nam a2200253Ia 4500 | ||
|---|---|---|---|
| 003 | OSt | ||
| 005 | 20221005123602.0 | ||
| 006 | a|||||r|||| 00| 0 | ||
| 007 | ta | ||
| 008 | 221004b |||||||| |||| 00| 0 eng d | ||
| 024 | _a42857 | ||
| 037 | _cTextual | ||
| 040 |
_aCRL _cCRL _beng |
||
| 041 |
_2eng _aeng |
||
| 082 | _aO123:2M99:9, 111J2 | ||
| 100 | _aCampbell Roy | ||
| 245 | 0 |
_aLorca _b An appreciation of his poetry |
|
| 260 | _c1952 | ||
| 490 | _aStudies in modern European literature and thought | ||
| 650 | _a ENGLISH LITERATURE | ||
| 650 |
_aSPANISH LITERATURE _937272 |
||
| 942 |
_hO123:2M99:9, 111J2 _cTEXL _2cc |
||
| 999 |
_c1047851 _d1047851 |
||